Take Care - Drake - Statistics

General Stats
  • This quiz has been taken 28 times
  • The average score is 13 of 19
Answer Stats
Songs Plays Artists % Correct
Take Care 759,783,815 Drake, Rihanna
96%
Headlines 983,923,846 Drake
92%
Crew Love 412,373,445 Drake, The Weeknd
83%
Over My Dead Body 226,350,800 Drake
79%
The Motto 657,673,351 Drake, Lil Wayne
79%
The Ride 78,463,845 Drake
79%
Marvins Room 730,429,460 Drake
75%
Cameras/Good Ones Go 306,830,590 Drake
71%
Practice 399,034,805 Drake
71%
Shot For Me 299,465,445 Drake
71%
Buried Alive Interlude 79,990,189 Drake, Kendrick Lamar
67%
Doing It Wrong 320,192,488 Drake
67%
Look What You've Done 194,287,803 Drake
67%
Under Ground Kings 128,467,114 Drake
67%
Lord Knows 115,098,172 Drake, Rick Ross
58%
The Real Her 107,158,436 Drake, Lil Wayne, André 3000
58%
Make Me Proud 309,043,305 Drake
54%
We'll Be Fine 94,145,104 Drake, Birdman
54%
HYFR (Hell Ya Fucking Right) 377,633,760 Drake, Lil Wayne
38%
No matching quizzes found
Score Distribution
Percent of People with Each Score
Percentile by Number Answered
Your Score History
You have not taken this quiz